ISO 9000 quality management systems: Guidelines for enterprises in developing countries (Record no. 43877)

MARC details
000 -LEADER
fixed length control field 00312nam a2200109Ia 4500
082 ## - DEWEY DECIMAL CLASSIFICATION NUMBER
Classification number 658.562
Item number ISO
245 #0 - TITLE STATEMENT
Title ISO 9000 quality management systems: Guidelines for enterprises in developing countries
250 ## - EDITION STATEMENT
Edition statement 2
260 ## - PUBLICATION, DISTRIBUTION, ETC. (IMPRINT)
Place of publication Geneva
Name of publisher ITC
Year of publication 1996
942 ## - ADDED ENTRY ELEMENTS (KOHA)
Koha item type Books
Holdings
Withdrawn status Lost status Damaged status Not for loan Home library Current library Date acquired Source of acquisition Full call number Accession Number Koha item type
        RRII Library RRII Library 16/12/2021 Gift 658.562 ISO G00626 Books